Sports Quiz

Random Sports or MLB Quiz

MLB Missing Team By Player Quiz Stats

 Plays Quiz Updated Oct 16, 2018

Score 0/37 Timer 08:00
0 Plays Today
Player Team % Correct
Ken Griffey, Jr.Mariners
64.6%
Wade BoggsDevil Rays
54.7%
Nolan RyanMets
53.9%
Johnny DamonAthletics
52.6%
Ivan RodriguezYankees
49.9%
Sammy SosaOrioles
46.2%
Alfonso SorianoNationals
44.1%
Scott RolenReds
41.6%
Ken Griffey, Sr.Mariners
36.3%
Babe RuthBraves
31.4%
Rafael PalmeiroCubs
30.9%
Pete RoseExpos
24.2%
Dennis EckersleyCardinals
20%
Robin VenturaDodgers
18.1%
Trevor HoffmanMarlins
14.9%
Jason IsringhausenRays
13.4%
Duke SniderGiants
11.2%
Joe MorganPhillies
10.6%
Roger MarisIndians
8.1%
Player Team % Correct
Don SuttonBrewers
7.9%
Willie McCoveyPadres
7.3%
Dale MurphyRockies
7%
Fred LynnTigers
6.1%
Eddie MathewsAstros
5.9%
Jerry KoosmanTwins
5.7%
Jim BoutonPilots
5.7%
Vida BlueRoyals
5.5%
Willie McGeeRed Sox
5.3%
Vicente PadillaDiamondbacks
4.9%
Phil NiekroBlue Jays
4.3%
Satchel PaigeBrowns
3.9%
Amos OtisPirates
3.6%
Denny McLainSenators
3.2%
Rusty StaubRangers
3.2%
Nellie FoxColt .45's
3%
Ted KluszewskiAngels
2.2%
Johnny PeskySenators
1.3%

You're not logged in!

Compare scores with friends on all Sporcle quizzes.
OR
Log In

You Might Also Like...

Show Comments

Extras

Top Quizzes Today


Score Distribution

Your Account Isn't Verified!

In order to create a playlist on Sporcle, you need to verify the email address you used during registration. Go to your Sporcle Settings to finish the process.

Report this User

Report this user for behavior that violates our Community Guidelines.

Details: